महाभारत / (Record no. 122110)

MARC details
000 -LEADER
fixed length control field 02334nam a22002777a 4500
010 ## - LIBRARY OF CONGRESS CONTROL NUMBER
LC control number A-339261
020 ## - INTERNATIONAL STANDARD BOOK NUMBER
Terms of availability 40.00
035 ## - SYSTEM CONTROL NUMBER
System control number A-339261
037 ## - SOURCE OF ACQUISITION
Source of stock number/acquisition Cen Lib / Ret
040 ## - CATALOGING SOURCE
Original cataloging agency DPL
Language of cataloging HN
082 ## - DEWEY DECIMAL CLASSIFICATION NUMBER
Classification number 230.1
Item number महाभा
100 ## - MAIN ENTRY--PERSONAL NAME
Personal name वेदव्यास
245 ## - TITLE STATEMENT
Title महाभारत /
Statement of responsibility, etc वेदव्यास ; अनुवादक पंडित रामनारायणदत्त शास्त्री
246 ## - VARYING FORM OF TITLE
Title proper/short title Mahabharat /
Remainder of title by Vedvyas ; edited by Pandit Ramnarayandatt Shastri
250 ## - EDITION STATEMENT
Edition statement 3rd ed
260 ## - PUBLICATION, DISTRIBUTION, ETC. (IMPRINT)
Place of publication, distribution, etc गोरखपुर
Name of publisher, distributor, etc गीता प्रेस
270 ## - ADDRESS
Address गीता प्रेस
City गोरखपुर
300 ## - PHYSICAL DESCRIPTION
Extent v 1. 2303-2496 ; v 2. 946-2038; v 3. 36, 2040-3100; v 4. not available ; v 5. 4426-5424; v 6. 5427-6519 ; v 8. 4220 ; v 10.
505 ## - FORMATTED CONTENTS NOTE
Formatted contents note v 1. भीष्मपर्व (सचित्र, सरल हिन्दी -- अनुवादसहित) ; v 2. बनपर्व और विराटपर्व (सचित्र, सरल हिन्दी -- अनुवादसहित) ; v 3. उधोगपर्व और भीष्मपर्व (सचित्र, सरल हिन्दी -- अनुवादसहित) ; v 4.दोण, कर्ण, शल्य, सौपित्क और स्त्रीपर्व (सचित्र, सरल हिन्दी -- अनुवादसहित) ; v 5.शान्तीपर्व (सचित्र, सरल हिन्दी -- अनुवादसहित) ; v 6.अनुशाशन, अाश्रमेधिक, आश्रमवासिक, मौसल, महाप्रस्थानिक और स्वर्गारोहनपर्व ; v 8.दोणपर्व ; v 10. विराटपर्व (सचित्र, सरल हिन्दी -- अनुवादसहित) ; v 10. शल्यपर्व (सचित्र, सरल हिन्दी -- अनुवादसहित) ;
650 ## - SUBJECT ADDED ENTRY--TOPICAL TERM
Topical term or geographic name as entry element Mahabharata.
650 ## - SUBJECT ADDED ENTRY--TOPICAL TERM
Topical term or geographic name as entry element Hindu philosophy.
650 ## - SUBJECT ADDED ENTRY--TOPICAL TERM
Topical term or geographic name as entry element महाभारत
650 ## - SUBJECT ADDED ENTRY--TOPICAL TERM
Topical term or geographic name as entry element हिंदू दर्शन
700 ## - ADDED ENTRY--PERSONAL NAME
Personal name रामनारायणदत्त शास्त्री
942 ## - ADDED ENTRY ELEMENTS (KOHA)
Source of classification or shelving scheme Dewey Decimal Classification
Koha item type Hindi Books
Classification part 230.1
Call number suffix महाभा
Holdings
Withdrawn status Lost status Materials specified (bound volume or other part) Damaged status Not for loan Collection code Home library Current library Date acquired Source of acquisition Cost, normal purchase price Total Checkouts Full call number Barcode Date last seen Copy number Cost, replacement price Price effective from Koha item type Public note
    v 5   Not For Loan Reference Central Library Central Library 01/03/2016 Cen Lib/Ret 40.00   230.1 महाभा A-339263 01/03/2016 5 40.00 01/03/2016 Hindi Books  
    v 6   Not For Loan Reference Central Library Central Library 01/03/2016 Cen Lib/Ret 40.00   230.1 महाभा A-339264 01/03/2016 6 40.00 01/03/2016 Hindi Books  
    v 2   Not For Loan Reference Central Library Central Library 01/03/2016 Cen Lib/Ret 40.00   230.1 महाभा A-339260 01/03/2016 2 40.00 01/03/2016 Hindi Books  
    v 3   Not For Loan Reference Central Library Central Library 01/03/2016 Cen Lib/Ret 40.00   230.1 महाभा A-339261 01/03/2016 3 40.00 01/03/2016 Hindi Books  
    v.1   Not For Loan Reference Central Library Central Library 05/03/2016 Cen Lib/Ret 40.00   230.1 महाभा 411576 05/03/2016   40.00 05/03/2016 Hindi Books  
Written off   v.10   Not For Loan Reference Central Library Central Library 05/03/2016 Cen Lib/Ret 40.00   230.1 महाभा 411573 05/03/2016   40.00 05/03/2016 Hindi Books Written off on approval by DLB (By Circulation); dtd 15-06-2023
Written off   v.10   Not For Loan Reference Central Library Central Library 05/03/2016 Cen Lib/Ret 40.00   230.1 महाभा 411585 05/03/2016   40.00 05/03/2016 Hindi Books Written off on approval by DLB (By Circulation); dtd 15-06-2023
    v.1   Not For Loan Reference Central Library Central Library 05/03/2016 Cen Lib/Ret 35.00   230.1 महाभा A-339259 05/03/2016   35.00 05/03/2016 Hindi Books  
    v.4   Not For Loan Reference Central Library Central Library 05/03/2016 Cen Lib/Ret 0.00   230.1 महाभा A-339262 05/03/2016   0.00 05/03/2016 Hindi Books  
    v.1   Not For Loan Reference Central Library Central Library 05/03/2016 Cen Lib/Ret 20.00   230.1 महाभा 137625 05/03/2016   20.00 05/03/2016 Hindi Books  
        Not For Loan Reference Central Library Central Library 08/03/2016 Cen Lib/Ret 20.00   230.1 महाभा 132559 08/03/2016   20.00 08/03/2016 Hindi Books  
    v.4   Not For Loan Reference Central Library Central Library 21/03/2016 Cen Lib/Ret 0.00   230.1 महाभा 124786 21/03/2016   0.00 21/03/2016 Hindi Books  
    v.1   Not For Loan Reference Central Library Central Library 21/03/2016 Cen Lib/Ret 0.00   230.1 महाभा 411608 21/03/2016   0.00 21/03/2016 Hindi Books  

© Delhi Public Library
Hit Counter
free hit counter